| 000 | 00714nam a2200181Ia 4500 | ||
|---|---|---|---|
| 008 | 090124s9999 xx 000 0 und d | ||
| 082 | _b125905 | ||
| 100 | _aमंगेशकर गीता / बांदोडकर गौरी | ||
| 245 | _a अंधारातून प्रकाशाकडे | ||
| 250 | _a1 | ||
| 260 | _c1994 | ||
| 300 | _a468 | ||
| 600 | _aमंगेशकर गीता / बांदोडकर गौरी | ||
| 630 | _a अंधारातून प्रकाशाकडे | ||
| 700 | _aमंगेशकर गीता / बांदोडकर गौरी | ||
| 730 | _a अंधारातून प्रकाशाकडे | ||
| 942 | _cBOOK | ||
| 999 |
_c171995 _d171995 |
||